Statistics for Your Song - Rita Ora (Lyrics)

Click here to take the quiz!

General Stats

  • This quiz has been taken 50 times
  • The average score is 372 of 443

Answer Stats

Lyric% Correct
A
100%
I
100%
Love
100%
On
100%
To
100%
You
100%
Your
100%
Go
97%
Hear
97%
In
97%
So
97%
Song
97%
And
94%
Like
94%
The
94%
This
94%
When
94%
Feeling
91%
Got
91%
Anymore
88%
I’m
88%
Morning
88%
Of
88%
Up
88%
Woke
88%
Don’t
85%
Me
85%
My
85%
Only
85%
Sad
85%
Song’s
85%
Songs
85%
That
85%
Taste
82%
Want
82%
We
82%
With
82%
Can
79%
Fear
79%
Heart
79%
Tip
79%
Tongue
79%
But
76%
Kiss
76%
Mad
76%
No
76%
Say
76%
Again
70%
Kissing
70%
Record
70%
Then
70%
Warning
70%
Way
70%
Yeah
70%
You’re
70%
Baby
67%
Cause
67%
Our
67%
Put
67%
Tonight
67%
Were
67%
We’re
67%
Back
64%
Couch
64%
Flat
64%
Last
64%
Night
64%
Place
64%
Sing
64%
Best
61%
By
61%
Friends
61%
Know
61%
Smoke
61%
Without
61%
Cab
58%
Is
58%
It’s
58%
Keep
58%
Let’s
58%
Lungs
58%
Make
58%
Reason
58%
Side
58%
There
58%
We’ve
58%
What
58%
All
55%
Found
55%
Never
55%
Right
55%
About
52%
Falling
52%
Had
52%
Lips
52%
Not
52%
Proud
52%
Run
52%
Think
52%
Wake
52%
Girl
48%
Hit
48%
Now
48%
Roof
48%
Type
48%
Alarm
45%
Heartbeat
45%
House
45%
Man
45%
Mouth
45%
Usually
42%
Dancing
36%
Would
36%
Risk
33%
Through
24%
Thump
9%

Score Distribution

Percentile by Number Answered

Percent of People with Each Score

Your Score History

You have not taken this quiz